Anita e um domingo diferente (Registo nº 4349)

Detalhes MARC
000 -Etiqueta do registo
Cabeçalho 00814cam a2200265 4500
005 - Identificador da versão
Campo de controlo 20240813122059.0
095 ## -
-- PTBN00501726
010 ## - Número internacional normalizado dos livros (ISBN)
Número (ISBN) 9722214136
021 ## - Número do Depósito Legal
Código do país PT
Número 190830/03
100 ## - Dados gerais de processamento
Dados gerais de processamento 20161216d2003 cd y0pory5003 ba
102 ## - Pais de publicação ou produção
País de publicação Portugal
101 1# - Língua de publicação
Língua do texto, banda sonora, etc. Português
Língua do documento no original Francês
215 ## - Descrição física 
Indicação específica da natureza do documento e extensão da espécie 21 p.
Outras indicações físicas muito il. color
200 1# - Titulo e menção de responsabilidade
Título próprio Anita e um domingo diferente
Primeira menção de responsabilidade texto de Gilbert Delahaye
Outras menções de responsabilidade il. Marcel Marlier
225 1# - Colecção 
Título próprio da colecção Verbo infantil
Nome de uma parte ou secção Anita
Indicação de volume 23
210 ## - Publicação, Distribuição, etc. 
Lugar da edição, distribuição, etc. Lisboa
Nome do editor, distribuidor, etc. Verbo
Data da publicação, distribuição, etc. D.L. 2003
606 ## - Nome comum usado como assunto
Número de registo de entrada de autoridade 0001472
Palavra de ordem Literatura belga em língua francesa
Subdivisão de assunto Conto
Código do sistema CA
675 ## - Classificação Decimal Universal (CDU)
Notação 821.133.1(493)-34
Edição 3ª ed.
Língua da edição pol
702 #1 - Nome de autor-pessoa física (responsabilidade secundária)
Número de registo de entrada de autoridade 0001471
Palavra de ordem Marlier
Outra parte do nome não tomada para palavra de ordem Marcel
Datas 1930-2011
Código de função Ilustrador / Técnico de desenho computorizado
700 #1 - Nome de autor-pessoa física (responsabilidade principal)
Número de registo de entrada de autoridade 0001470
Palavra de ordem Delahaye
Outra parte do nome não tomada para palavra de ordem Gilbert
Datas 1923-1997
966 ## - Identificação da Biblioteca
Sigla EBVEN
942 ## - Elementos de entrada adicionados (Koha)
Tipo de item no Koha Livro
Exemplares
Situação do levantamento Origin of item (home branch) (coded) Biblioteca de empréstimo Código de barras Cota Circulation type (not for loan) Tipo de documento Nota do exemplar Damaged status
  Biblioteca Escolar das Vendas Biblioteca Escolar das Vendas BEV2054 8EST ANI   Livro Sem mensagem